| 000 | 00408nam a2200169Ia 4500 | ||
|---|---|---|---|
| 008 | 221030s9999 xx 000 0 und d | ||
| 020 | _a8173917094 | ||
| 041 | _aEnglish | ||
| 082 |
_a105.23 _bRai |
||
| 100 | _aC. L. Raina | ||
| 245 | 0 | _aFundamentals Of Tourism & Indian Religion | |
| 260 |
_bKanishka Pub. _aNew Delhi _c2003 |
||
| 300 | _a224 | ||
| 650 | _aManagement | ||
| 700 | _aA.k Raina | ||
| 942 | _cBK | ||
| 999 |
_c444 _d444 |
||